Reactivity and transport of heavy metals in soils / (Record no. 332413)

000 -LEADER
fixed length control field 01299cam a2200313 a 4500
001 - CONTROL NUMBER
control field 4943133
003 - CONTROL NUMBER IDENTIFIER
control field NUST
005 - DATE AND TIME OF LATEST TRANSACTION
control field 20171204103220.0
008 - FIXED-LENGTH DATA ELEMENTS--GENERAL INFORMATION
fixed length control field 960408s1997 flua b 001 0 eng
010 ## - LIBRARY OF CONGRESS CONTROL NUMBER
LC control number 96011372
020 ## - INTERNATIONAL STANDARD BOOK NUMBER
International Standard Book Number 0873714733 (alk. paper)
040 ## - CATALOGING SOURCE
Original cataloging agency DLC
Transcribing agency DLC
Modifying agency DLC
050 00 - LIBRARY OF CONGRESS CALL NUMBER
Classification number S592.6.H43
Item number S45 1997
082 00 - DEWEY DECIMAL CLASSIFICATION NUMBER
Classification number 628.55 SEL
Edition number 20
100 1# - MAIN ENTRY--PERSONAL NAME
Personal name Selim, H. Magdi
Fuller form of name (Hussein Magdi),
Dates associated with a name 1944-
9 (RLIN) 6906
245 10 - TITLE STATEMENT
Title Reactivity and transport of heavy metals in soils /
Statement of responsibility, etc. H. Madgi Selim, Michael C. Amacher.
260 ## - PUBLICATION, DISTRIBUTION, ETC.
Place of publication, distribution, etc. Boca Raton :
Name of publisher, distributor, etc. CRC/Lewis Publishers,
Date of publication, distribution, etc. c1997.
300 ## - PHYSICAL DESCRIPTION
Extent 201 p. :
Other physical details ill. ;
Dimensions 25 cm.
500 ## - GENERAL NOTE
General note H.B
504 ## - BIBLIOGRAPHY, ETC. NOTE
Bibliography, etc. note Includes bibliographical references (p. 183-195) and index.
650 #0 - SUBJECT ADDED ENTRY--TOPICAL TERM
Topical term or geographic name entry element Soils
General subdivision Heavy metal content.
9 (RLIN) 6907
650 #0 - SUBJECT ADDED ENTRY--TOPICAL TERM
Topical term or geographic name entry element Heavy metals
General subdivision Environmental aspects.
9 (RLIN) 3026
650 #0 - SUBJECT ADDED ENTRY--TOPICAL TERM
Topical term or geographic name entry element Soils
General subdivision Solute movement.
9 (RLIN) 6908
700 1# - ADDED ENTRY--PERSONAL NAME
Personal name Amacher, Michael C.
9 (RLIN) 6909
856 42 - ELECTRONIC LOCATION AND ACCESS
Materials specified Publisher description
Uniform Resource Identifier <a href="http://www.loc.gov/catdir/enhancements/fy0744/96011372-d.html">http://www.loc.gov/catdir/enhancements/fy0744/96011372-d.html</a>
906 ## - LOCAL DATA ELEMENT F, LDF (RLIN)
a 7
b cbc
c orignew
d 1
e ocip
f 19
g y-gencatlg
942 ## - ADDED ENTRY ELEMENTS (KOHA)
Source of classification or shelving scheme
Koha item type Book
Call number prefix IESE
Holdings
Withdrawn status Lost status Source of classification or shelving scheme Damaged status Not for loan Collection code Permanent Location Current Location Shelving location Date acquired Total Checkouts Full call number Barcode Date last seen Price effective from Koha item type
            Institute of Environmental Science and Engineering (IESE) Institute of Environmental Science and Engineering (IESE) General Stacks 12/04/2017   628.55 SEL IESE-1074 12/04/2017 12/04/2017 Book
© 2023 Central Library, National University of Sciences and Technology. All Rights Reserved.